| 000 | 00568nam a2200205Ia 4500 | ||
|---|---|---|---|
| 999 |
_c3495 _d3495 |
||
| 020 | _a0-8039-3014-3 | ||
| 082 | _a300.15195 SUL-; | ||
| 100 | _aLee, Eun Sul | ||
| 245 | 0 | _aAnalyzing complex survey data | |
| 260 |
_aLondon _bSage Publications _c1989 |
||
| 300 | _a79p. | ||
| 440 | _aSage University paper series on quantitative applications in | ||
| 504 | _aIncludes bibliography | ||
| 650 | _aSurveying | ||
| 650 | _aSampling (Statistics) | ||
| 700 | _aForthofer, Ronald N. | ||
| 700 | _aLorimer, Ronald J. | ||
| 700 | _aLewis-Beck, Michael S. | ||
| 942 | _cBK | ||